00650nam a2200193 a 450000100100000000500170001000800410002704000250006808200180009310000220011124500730013325000110020626000480021730000270026550000330029250000340032550400740035965000230043300002186020240422203112.0100913s1966 xxu r 000 0 spa d aDO-SdBNPbspacBNPHU a362.042bM5751 aMerton, Robert K.10aContemporary social problems /cRobert K. Merton , Robert A. Nisbet. a2a ed. aNew York :bHarcourt, Brace & World,c1966. axiii, 847 p. ;c22 cm. aIncluye índice de nombres. aIncluye índice de materias. aIncluye referencias bibliográficas y notas al pie de las páginas. 0aProblemas sociales